[Event "Andorra op 40th"]
[Site "Escaldes"]
[Date "2024.07.20"]
[Round "1"]
[White "Compte Auge, Lluis"]
[Black "Domene Mulyukov, Alexander"]
[Result "1/2-1/2"]
[WhiteElo "1870"]
[BlackElo "2265"]
[PlyCount "83"]
[EventDate "2024.07.20"]
[EventType "swiss"]
[EventRounds "9"]
[EventCountry "AND"]
[SourceTitle "CBM 221 Extra"]
[Source "ChessBase"]
[SourceDate "2024.09.30"]
[SourceVersion "1"]
[SourceVersionDate "2024.09.30"]
[SourceQuality "1"]

1. e4 c5 2. Nf3 e6 3. d4 cxd4 4. Nxd4 Nf6 5. Nc3 Nc6 6. Be2 Bb4 7. 0-0 Bxc3 8. bxc3 Nxe4 9. Qd3 d5 10. Ba3 a6 11. Nxc6 bxc6 12. Qd4 f6 13. Bd3 Nd6 14. Qg4 Kf7 15. Qh5+ g6 16. Qh6 Nb7 17. h4 e5 18. f3 Qb6+ 19. Kh1 Be6 20. Rab1 Qa7 21. g4 Rag8 22. Kg2 c5 23. Qe3 Ra8 24. c4 d4 25. Qd2 Nd6 26. g5 Bxc4 27. gxf6 Bxd3 28. cxd3 Nf5 29. Rfc1 Ne3+ 30. Kf2 Rac8 31. Qa5 c4 32. dxc4 Rhe8 33. c5 Nd5 34. c6 d3+ 35. Bc5 Qa8 36. Rb7+ Kxf6 37. Qd2 Ke6 38. Qg5 Rxc6 39. Qg4+ Kf6 40. Qg5+ Ke6 41. Qg4+ Kf6 42. Qg5+ 1/2-1/2

[Event "Girona-ch"]
[Site "Conjunt de Castell d'Aro"]
[Date "2023.10.15"]
[Round "4"]
[White "Mallorqui Llop, Marc"]
[Black "Compte Auge, Lluis"]
[Result "1/2-1/2"]
[WhiteElo "1804"]
[BlackElo "1688"]
[PlyCount "73"]
[EventDate "2023.09.24"]
[EventType "swiss"]
[EventRounds "8"]
[EventCountry "ESP"]
[SourceTitle "EXT 2025"]
[Source "ChessBase"]
[SourceDate "2024.10.14"]
[SourceVersion "1"]
[SourceVersionDate "2024.10.14"]
[SourceQuality "1"]

1. e4 e5 2. Nf3 Nc6 3. d4 exd4 4. Nxd4 Nf6 5. Nxc6 bxc6 6. e5 Qe7 7. Qe2 Nd5 8. c4 Nb6 9. Nc3 Bb7 10. Bd2 g6 11. 0-0-0 Bg7 12. f4 0-0 13. g4 d6 14. exd6 Qxe2 15. Bxe2 cxd6 16. Rhf1 Ba6 17. b3 d5 18. cxd5 Bxc3 19. Bxa6 Bxd2+ 20. Rxd2 Nxd5 21. Bc4 Ne3 22. Re1 Nxc4 23. bxc4 Rfe8 24. Rde2 Rxe2 25. Rxe2 Rd8 26. Re4 Rd3 27. Kc2 Rh3 28. Re7 Rf3 29. Re4 Rf2+ 30. Kb3 Rxh2 31. g5 Kf8 32. a3 Rh3+ 33. Kb4 c5+ 34. Ka4 Rc3 35. Kb5 Rxa3 36. Kxc5 f6 37. Kd6 1/2-1/2

[Event "Platja d'Aro op 9th"]
[Site "Platja d'Aro"]
[Date "2022.12.27"]
[Round "3"]
[White "Compte Auge, Lluis"]
[Black "Voegeli, Max"]
[Result "1-0"]
[WhiteElo "1658"]
[BlackElo "1381"]
[PlyCount "53"]
[EventDate "2022.12.26"]
[EventType "swiss"]
[EventRounds "9"]
[EventCountry "ESP"]
[SourceTitle "CBM 211 Extra"]
[Source "ChessBase"]
[SourceDate "2023.01.31"]
[SourceVersion "1"]
[SourceVersionDate "2023.01.31"]
[SourceQuality "1"]

1. e4 d5 2. exd5 Nf6 3. Nf3 Qxd5 4. Nc3 Qd8 5. d4 c6 6. Be2 Bf5 7. 0-0 e6 8. Bf4 Bd6 9. Bxd6 Qxd6 10. Nh4 Bg6 11. Bf3 Nbd7 12. Nxg6 hxg6 13. h3 0-0-0 14. Ne2 Rh4 15. c4 Rdh8 16. c5 Qc7 17. Ng3 Qf4 18. Qb3 Qxd4 19. Rfd1 Qb4 20. Qd3 Nd5 21. Ne4 Rxe4 22. Bxe4 N7f6 23. Bxd5 Nxd5 24. Qc2 Rh4 25. Rac1 Re4 26. a3 Qa4 27. b3 1-0

[Event "Catalan-ch U10/20"]
[Site "Tarragona"]
[Date "2022.04.10"]
[Round "2"]
[White "Compte Auge, Lluis"]
[Black "Salinas Tomas, Daniel"]
[Result "0-1"]
[WhiteElo "1492"]
[BlackElo "2176"]
[PlyCount "44"]
[EventDate "2022.04.09"]
[EventType "swiss"]
[EventRounds "9"]
[EventCountry "ESP"]
[SourceTitle "EXT 2023"]
[Source "ChessBase"]
[SourceDate "2022.10.05"]
[SourceVersion "1"]
[SourceVersionDate "2022.10.05"]
[SourceQuality "1"]

1. e4 d6 2. d4 Nf6 3. Nc3 e5 4. Nf3 Nbd7 5. Bc4 Be7 6. 0-0 0-0 7. Be3 c6 8. dxe5 dxe5 9. a4 Qc7 10. Nd2 Rd8 11. Qe2 Nf8 12. f4 exf4 13. Bxf4 Qb6+ 14. Kh1 Ng6 15. Nb3 Bg4 16. Qe1 Qb4 17. Bd3 Rxd3 18. cxd3 Qxb3 19. e5 Nd5 20. Nxd5 Qxd5 21. Qg3 Be2 22. Rf2 Bh4 0-1

[Event "Figueres Region-ch"]
[Site "Figueres	"]
[Date "2021.09.25"]
[Round "1"]
[White "Compte Auge, Lluis"]
[Black "Garcia Caro, Juan Alber"]
[Result "0-1"]
[WhiteElo "1399"]
[BlackElo "1911"]
[PlyCount "48"]
[EventDate "2021.09.25"]
[EventType "swiss"]
[EventRounds "9"]
[EventCountry "ESP"]
[SourceTitle "EXT 2023"]
[Source "ChessBase"]
[SourceDate "2022.10.05"]
[SourceVersion "1"]
[SourceVersionDate "2022.10.05"]
[SourceQuality "1"]

1. e4 c5 2. Nf3 d6 3. d4 cxd4 4. Nxd4 Nf6 5. Nc3 a6 6. Be2 e5 7. Nb3 Be6 8. 0-0 Be7 9. f4 exf4 10. Bxf4 0-0 11. Bg5 Nbd7 12. Bf3 Rc8 13. Qe2 h6 14. Be3 Bc4 15. Qd2 Bxf1 16. Rxf1 Ne5 17. Bxh6 gxh6 18. Qxh6 Qb6+ 19. Kh1 Ng6 20. Nd5 Nxd5 21. exd5 Rxc2 22. Be4 Rf2 23. Rd1 Bf6 24. h4 Rf4 0-1

[Event "Figueres Nadal op 9th"]
[Site "Figueres"]
[Date "2020.01.04"]
[Round "6"]
[White "Olcina Monells, Jordi"]
[Black "Compte Auge, Lluis"]
[Result "1/2-1/2"]
[WhiteElo "1619"]
[BlackElo "1474"]
[PlyCount "74"]
[EventDate "2020.01.02"]
[EventType "swiss"]
[EventRounds "8"]
[EventCountry "ESP"]
[SourceTitle "CBM 194 Extra"]
[Source "ChessBase"]
[SourceDate "2020.03.31"]
[SourceVersion "1"]
[SourceVersionDate "2020.03.31"]
[SourceQuality "1"]

1. e4 e5 2. Nf3 Nc6 3. Bc4 Bc5 4. d3 Nf6 5. 0-0 d6 6. c3 a6 7. Bb3 Ba7 8. Re1 h6 9. h3 0-0 10. Nbd2 Re8 11. Nf1 Be6 12. Bxe6 Rxe6 13. Be3 Bxe3 14. Nxe3 Ne7 15. Nh4 d5 16. Nef5 dxe4 17. dxe4 Nxf5 18. Nxf5 Qxd1 19. Raxd1 h5 20. f3 g6 21. Ne3 Rd6 22. Rxd6 cxd6 23. Rd1 Ne8 24. Rd2 b5 25. Nd5 Rc8 26. Kf2 Rd8 27. Rd1 f6 28. Ke3 Kf7 29. Rc1 Rd7 30. Rd1 Ke6 31. Rd3 Nc7 32. Kd2 Nxd5 33. Rxd5 Rc7 34. Kd3 Rc5 35. Rxc5 dxc5 36. b3 f5 37. a3 f4 1/2-1/2

[Event "Figueres Nadal op 9th"]
[Site "Figueres"]
[Date "2020.01.02"]
[Round "2"]
[White "Compte Auge, Lluis"]
[Black "Blanco Esquena, Ramon"]
[Result "0-1"]
[WhiteElo "1474"]
[BlackElo "1710"]
[PlyCount "42"]
[EventDate "2020.01.02"]
[EventType "swiss"]
[EventRounds "8"]
[EventCountry "ESP"]
[SourceTitle "CBM 194 Extra"]
[Source "ChessBase"]
[SourceDate "2020.03.31"]
[SourceVersion "1"]
[SourceVersionDate "2020.03.31"]
[SourceQuality "1"]

1. e4 d6 2. d4 Nf6 3. Nc3 e5 4. Nf3 Nbd7 5. Be3 c6 6. Be2 Be7 7. 0-0 0-0 8. Nd2 Qc7 9. f4 b5 10. f5 exd4 11. Bxd4 Ne5 12. Bxe5 dxe5 13. Bg4 Rd8 14. Bh3 b4 15. Ne2 Nxe4 16. Rf3 Nxd2 17. Rd3 Ne4 18. Qe1 Qb6+ 19. Kf1 Ba6 20. Rxd8+ Rxd8 21. Bg4 Nd2+ 0-1

[Event "Figueres Nadal op 7th"]
[Site "Figueres"]
[Date "2017.12.29"]
[Round "6"]
[White "Compte Auge, Lluis"]
[Black "Aymat Satue, Joan"]
[Result "0-1"]
[WhiteElo "1517"]
[BlackElo "1684"]
[PlyCount "54"]
[EventDate "2017.12.27"]
[EventType "swiss"]
[EventRounds "8"]
[EventCountry "ESP"]
[SourceTitle "CBM 182 Extra"]
[Source "ChessBase"]
[SourceDate "2018.02.23"]
[SourceVersion "1"]
[SourceVersionDate "2018.02.23"]
[SourceQuality "1"]

1. e4 Nf6 2. Nc3 d5 3. d3 dxe4 4. f3 exd3 5. cxd3 Bf5 6. Qe2 Nc6 7. Bf4 Nb4 8. 0-0-0 e6 9. Qe5 Bd6 10. Qd4 Bxf4+ 11. Qxf4 Nbd5 12. Qc4 Ne3 13. Qa4+ c6 14. Re1 Nxf1 15. Rxf1 Qxd3 16. Rd1 Qe3+ 17. Rd2 Rd8 18. Qd1 Nd5 19. g4 Nxc3 20. bxc3 Qxc3+ 21. Qc2 Bxc2 22. Ne2 Qxd2+ 23. Kb2 Qxe2 24. h4 Rd5 25. a3 Rb5+ 26. Ka1 Qe5+ 27. Ka2 Qb2# 0-1